[Event "Dortmund Sparkassen op-B 47th"]
[Site "Dortmund"]
[Date "2019.07.16"]
[Round "4"]
[White "Schulte, Hubert"]
[Black "Gaul, Alexander"]
[Result "1/2-1/2"]
[WhiteElo "1672"]
[BlackElo "1886"]
[PlyCount "101"]
[EventDate "2019.07.13"]
[EventType "swiss"]
[EventRounds "9"]
[EventCountry "GER"]
[SourceTitle "CBM 192 Extra"]
[Source "Chessbase"]
[SourceDate "2019.11.06"]
[SourceVersion "1"]
[SourceVersionDate "2019.11.06"]
[SourceQuality "1"]

1. b4 d5 2. Bb2 Nf6 3. e3 c6 4. a4 Bf5 5. Nf3 e6 6. b5 Be7 7. c4 0-0 8. Be2 Nbd7 9. 0-0 dxc4 10. Bxc4 Nb6 11. Be2 c5 12. Na3 Nbd5 13. Qb3 Rc8 14. Rac1 Bg4 15. h3 Bh5 16. Rfd1 Nd7 17. Nc4 f6 18. d4 Bf7 19. e4 Nf4 20. Bf1 cxd4 21. Bxd4 b6 22. g3 Ng6 23. e5 Qe8 24. Re1 Nc5 25. Bxc5 Bxc5 26. Qb2 Qe7 27. Rcd1 Rfd8 28. h4 Nf8 29. Nd4 Qc7 30. Nc6 Rxd1 31. Rxd1 Be8 32. Bg2 Bxc6 33. Bxc6 Rd8 34. Rxd8 Qxd8 35. Qe2 Qd4 36. Kg2 Kf7 37. h5 Nd7 38. Bxd7 Qxd7 39. Qe4 Qd5 40. f3 Qxe4 41. fxe4 Ke7 42. Kf3 Kd7 43. Kf4 Bd4 44. g4 fxe5+ 45. Nxe5+ Bxe5+ 46. Kxe5 h6 47. Kd4 Kd6 48. e5+ Ke7 49. Ke4 Kf7 50. Kf4 Ke7 51. Ke4 1/2-1/2

[Event "Ruhrgebiet VK2 1112"]
[Site "Nordrheinwestfalen"]
[Date "2012.01.08"]
[Round "5.7"]
[White "Schulte, Hubert"]
[Black "Goschin, Andreas"]
[Result "1/2-1/2"]
[WhiteElo "1709"]
[BlackElo "2096"]
[PlyCount "112"]
[EventDate "2012.09.18"]
[EventType "team-tourn"]
[EventRounds "9"]
[EventCountry "GER"]
[SourceTitle "EXT 2020"]
[Source "ChessBase"]
[SourceDate "2019.10.17"]
[SourceVersion "1"]
[SourceVersionDate "2019.10.17"]
[SourceQuality "1"]
[WhiteTeam "Marten Boevinghausen"]
[BlackTeam "Recklinghausen Laeufer Ost II"]
[WhiteTeamCountry "GER"]
[BlackTeamCountry "GER"]

1. d4 Nf6 2. c4 g6 3. Nc3 d5 4. Bg5 Ne4 5. Nxe4 dxe4 6. a3 Bg7 7. e3 c5 8. Ne2 Bg4 9. Qa4+ Nd7 10. h3 Bxe2 11. Bxe2 h6 12. Bf4 0-0 13. Rd1 cxd4 14. exd4 Nb6 15. Qc2 f5 16. 0-0 Qd7 17. Be5 Bxe5 18. dxe5 Qc7 19. c5 Nd7 20. Qd2 Nxe5 21. Qxh6 Rf6 22. Qe3 Kg7 23. b4 Rh8 24. Rd5 e6 25. Rd6 Nf7 26. Rfd1 Nxd6 27. Rxd6 e5 28. Qc3 Re8 29. Rd5 Re7 30. Bd1 b6 31. Bb3 Rf8 32. Qc4 bxc5 33. Rxc5 Qd7 34. Rd5 Qe6 35. Qc5 Rc8 36. Qe3 Qb6 37. Qg5 Qf6 38. Qe3 Rec7 39. Ra5 a6 40. Ba2 Qd6 41. Qg3 Rc1+ 42. Kh2 Re8 43. Qb3 Rc7 44. Rd5 Qf6 45. Qd1 Qg5 46. g3 Ree7 47. Rd8 f4 48. g4 f3 49. Rg8+ Kh6 50. Rf8 Rf7 51. Rxf7 Rxf7 52. Bxf7 Qf4+ 53. Kg1 Qxf7 54. Qd6 Qf4 55. Qd8 Qc1+ 56. Kh2 Qf4+ 1/2-1/2

[Event "Ruhrgebiet VK2 1112"]
[Site "Nordrheinwestfalen"]
[Date "2011.11.13"]
[Round "3"]
[White "Schulte, Hubert"]
[Black "Niemann, Walter"]
[Result "1-0"]
[WhiteElo "1709"]
[BlackElo "1782"]
[PlyCount "144"]
[EventDate "2012.09.18"]
[EventType "team-tourn"]
[EventRounds "9"]
[EventCountry "GER"]
[SourceTitle "EXT 2020"]
[Source "ChessBase"]
[SourceDate "2019.10.17"]
[SourceVersion "1"]
[SourceVersionDate "2019.10.17"]
[SourceQuality "1"]
[WhiteTeam "Marten Boevinghausen"]
[BlackTeam "Rochade Steele/Kray"]
[WhiteTeamCountry "GER"]
[BlackTeamCountry "GER"]

1. d4 d5 2. c4 c6 3. Nc3 Nf6 4. Bg5 e6 5. e3 Nbd7 6. f4 Qa5 7. Bxf6 Nxf6 8. c5 b6 9. cxb6 Ne4 10. Qc2 Bb4 11. Rc1 Qxa2 12. Bd3 Nxc3 13. bxc3 Qxc2 14. Rxc2 Ba5 15. bxa7 Rxa7 16. Ne2 0-0 17. Kf2 Bd7 18. Rb1 g6 19. Rcb2 Bc7 20. c4 dxc4 21. Bxc4 Rfa8 22. Rb7 Bd6 23. Nc3 Be8 24. Ne4 Be7 25. Rb8 Kf8 26. g3 Ra4 27. Rxa8 Rxa8 28. Be2 Ra5 29. Rb8 h6 30. h4 Ra2 31. Rc8 f5 32. Nc3 Ra3 33. Nd1 Kf7 34. Rc7 Kf6 35. Nb2 Ra2 36. Rb7 c5 37. Bc4 Ra8 38. Rb6 Ra7 39. Rxe6+ Kg7 40. d5 Rb7 41. Nd3 Bf7 42. Rc6 Be8 43. Ra6 Bf7 44. Ne5 Bg8 45. Rxg6+ Kh7 46. Rxg8 Kxg8 47. d6+ Kg7 48. dxe7 Rxe7 49. Bd3 Kf6 50. e4 fxe4 51. Bxe4 c4 52. Ke3 Ra7 53. Nxc4 Ra4 54. Ne5 Ra1 55. Bf3 Ra4 56. Nd3 Rc4 57. g4 Ra4 58. Be4 Rc4 59. g5+ Kg7 60. f5 Ra4 61. f6+ Kf7 62. Bd5+ Kf8 63. Nf4 hxg5 64. hxg5 Ra5 65. Ng6+ Ke8 66. f7+ Kd7 67. f8Q Rxd5 68. Qe7+ Kc8 69. Qe6+ Rd7 70. Nf8 Kc7 71. Qxd7+ Kb8 72. Ne6 Ka8 1-0